| 000 | 00631nam a22001937a 4500 | ||
|---|---|---|---|
| 003 | OSt | ||
| 005 | 20170704170821.0 | ||
| 008 | 170704e201703 spc|||| |||| 0|0 j cat|d | ||
| 017 |
_aDL B 1888-2017 _bBiblioteca de Catalunya |
||
| 020 | _a9788416605774 | ||
| 040 |
_aES-BaBC _bcat _cCDMR |
||
| 100 | 1 |
_aGuillamon, Julià, _d1962- |
|
| 245 | 1 | 3 |
_aEl Sifon de can Sitra / _cJulià Guillamon ; amb una il·lustració de coberta d'America Sanchez i un índex d'Ignasi Aballí |
| 250 | _aPrimera edició | ||
| 260 |
_aBarcelona : _bComanegra, _c2017 |
||
| 300 |
_a287 pàgines ; _c18 cm |
||
| 650 | 4 |
_94197 _aRecull d'articles |
|
| 942 | _cMON | ||
| 999 |
_c7046 _d7046 |
||